| 000 | 00609nam a2200193Ia 4500 | ||
|---|---|---|---|
| 003 | GCL | ||
| 008 | 140319s9999 xx 000 0 ara d | ||
| 040 |
_aGCL / _cGCL |
||
| 082 | 0 | 4 |
_a649.1 _bك ر |
| 100 | 1 | _aكينج , موريس | |
| 245 | 1 | 0 |
_aالدعاية الآولية للطفل : دليل العاملين فى حقل الصحه / _cكينج , موريس |
| 300 | _a401 | ||
| 490 |
_a100 قصة _v0 |
||
| 650 | 0 | 4 | _aالعناية الصحية |
| 650 | 0 | 4 | _aالاباء والابناء |
| 650 | 0 | 4 | _aالامهات والابناء |
| 650 | 0 | 4 | _aالاطفال - رعاية |
| 942 |
_2ddc _cBK |
||
| 999 |
_c43838 _d43838 |
||